Réalisateurs - Statistiques

Statistiques générales
  • Ce quiz a été pris 732 fois
    695 depuis la dernière actualisation
  • Le résultat moyen est 43 sur 91
Statistiques - réponses
Hint Réponse % Correct
Avatar (2009) James Cameron
89%
Jurassic Park (1993) Steven Spielberg
89%
Le Parrain (1972) Francis Ford Coppola
86%
Taxi Driver (1976) Martin Scorsese
85%
Once upon a time in Hollywood (2019) Quentin Tarantino
85%
Lost in translation (2003) Sofia Coppola
83%
Shining (1980) Stanley Kubrick
82%
Psychose (1960) Alfred Hitchcock
80%
Seven (1995) David Fincher
80%
Le dictateur (1940) Charlie Chaplin
78%
The Grand Budapest Hotel (2014) Wes Anderson
78%
Memento (2000) Christopher Nolan
77%
Star Wars (1977) Georges Lucas
77%
Il était une fois dans l'Ouest (1968) Sergio Leone
74%
Million dollar baby (2004) Clint Eastwood
72%
Elephant Man (1980) David Lynch
71%
Le cinquième élément (1997) Luc Besson
70%
Alien, le huitième passager (1979) Ridley Scott
70%
La haine (1995) Mathieu Kassovitz
68%
Mon voisin Totoro (1988) Hayao Miyazaki
67%
La la land (2016) Damien Chazelle
65%
Les 400 coups (1959) François Truffaut
65%
Le Hobbit (2012) Peter Jackson
65%
Le pianiste (2002) Roman Polanski
64%
Citizen Kane (1941) Orson Welles
63%
Memories of murder (2003) Bong Joon-Ho
61%
Incendies (2010) Denis Villeneuve
61%
Scarface (1983) Brian de Palma
58%
Sleepy Hollow (1999) Tim Burton
58%
No country for old men (2007) Joel et Ethan Coen
57%
The Thing (1982) John Carpenter
56%
Spiderman (2002) Sam Raimi
53%
The Revenant (2016) Alejandro Gonzalez/Inarritu
52%
A bout de souffle (1960) Jean-Luc Godard
52%
Blanche-Neige et les 7 nains (1937) Walt Disney
52%
Metropolis (1927) Fritz Lang
51%
Voyage dans la Lune (1902) George Méliès
51%
Get Out (2017) Jordan Peele
50%
Black Swan (2010) Darren Aronofsky
49%
American Beauty (1999) Sam Mendes
49%
The Artist (2011) Michel Hazanavicius
48%
Melancholia (2011) Lars Von Trier
47%
Heat (1995) Michael Mann
47%
Volver (2006) Pedro Almodovar
47%
La mouche (1986) David Cronenberg
46%
Signes (2002) Night Shyamalan
44%
Qui veut la peau de Roger Rabbit ? (1988) Robert Zemeckis
44%
Slumdog millionaire (2008) Danny Boyle
43%
Eternal sunshine of the spotless mind (2004) Michel Gondry
43%
Old Boy (2003) Park Chan Wook
43%
Tree of life (2011) Terrence Malik
43%
Hellboy (2004) Guillermo del Toro
42%
Matrix (1999) Lana et Lilly Wachowski
42%
Avengers Infinity War (2018) Anthony et Joe Russo
41%
Match Point (2005) Woody Allen
41%
Ran (1985) Akira Kurosawa
40%
Les fils de l'homme (2006) Alfonso Cuaron
40%
Amadeus (1984) Milos Forman
40%
Les parapluies de Cherbourg (1964) Jacques Demy
39%
Tu ne tueras point (2016) Mel Gibson
37%
Sin City (2005) Robert Rodriguez
36%
Les évadés (1994) Frank Darabont
34%
Will Hunting (1997) Gus Van Sant
34%
L'ours (1988) Jean-Jacques Annaud
32%
The Truman Show (1998) Peter Weir
32%
Haute tension (2003) Alexandre Aja
31%
Usual suspects (1995) Bryan Singer
31%
Hot Fuzz (2007) Edgar Wright
31%
Ocean's Eleven (2001) Steven Soderbergh
30%
The Gentlemen (2020) Guy Ritchie
29%
Drive (2011) Nicolas Winding Refn
29%
Fanny et Alexandre (1982) Ingmar Bergman
28%
Les ailes du désir (1987) Wim Wenders
28%
Le miroir (1975) Andrei Tarkovski
27%
La grande illusion (1937) Jean Renoir
27%
Maman, j'ai raté l'avion (1990) Chris Columbus
26%
Da Vinci Code (2006) Ron Howard
26%
Shame (2011) Steve McQueen
26%
La colline a des yeux (2006) Wes Craven
26%
Super 8 (2011) J.J Abrams
25%
Pearl Harbor (2001) Michael Bay
25%
Basic Instinct (1992) Paul Verhoeven
24%
Le tombeau des lucioles (1988) Isao Takahata
20%
Avengers (2012) Joss Whedon
20%
Toy Story (1995) John Lasseter
16%
Your Name (2016) Makoto Shinkai
11%
Chantons sous la pluie (1952) Stanley Donen
11%
Les enfants loups : Ame et Yuki (2012) Mamoru Hosoda
8%
American History X (1998) Tony Kaye
8%
M.Nobody (2009) Jaco Van Dormael
6%
Ladybird (1994) Ken Loach
5%
Aucun quiz correspondant
Distribution des résultats
% des personnes avec chaque résultat
Percentile par nombre de réponses
Votre historique - résultats
Vous n’avez pas pris ce quiz depuis la dernière actualisation